Name All 139 Merit Badges - Statistics

General Stats
  • This quiz has been taken 66 times
    44 since last reset
  • The average score is 110 of 139
Answer Stats
Picture Answer % Correct
Archery
100%
Architecture
100%
Art
96%
Animal Science
93%
Astronomy
93%
Bird Study
93%
Camping
93%
Canoeing
93%
Chemistry
93%
Chess
93%
Citizenship in the Nation
93%
Citizenship in the World
93%
Cooking
93%
Environmental Science
93%
Fingerprinting
93%
First Aid
93%
Fishing
93%
Golf
93%
American Business
89%
American Heritage
89%
Backpacking
89%
Basketry
89%
Bugling
89%
Citizenship in Society
89%
Citizenship in the Community
89%
Climbing
89%
Coin Collecting
89%
Electricity
89%
Family Life
89%
Forestry
89%
Geocaching
89%
Law
89%
Lifesaving
89%
Music
89%
Painting
89%
Pottery
89%
Rifle Shooting
89%
Scuba Diving
89%
Small-Boat Sailing
89%
Space Exploration
89%
Swimming
89%
Athletics
85%
Aviation
85%
Communication
85%
Crime Prevention
85%
Cycling
85%
Dog Care
85%
Emergency Preparedness
85%
Fire Safety
85%
Fly Fishing
85%
Genealogy
85%
Hiking
85%
Insect Study
85%
Kayaking
85%
Leatherwork
85%
Mammal Study
85%
Orienteering
85%
Personal Fitness
85%
Railroading
85%
Search and Rescue
85%
Traffic Safety
85%
Welding
85%
American Labor
81%
Collections
81%
Game Design
81%
Gardening
81%
Geology
81%
Moviemaking
81%
Oceanography
81%
Personal Management
81%
Photography
81%
Plumbing
81%
Pulp and Paper
81%
Rowing
81%
Salesmanship
81%
Sculpture
81%
Shotgun Shooting
81%
Stamp Collecting
81%
Weather
81%
Woodwork
81%
American Cultures
78%
Dentistry
78%
Entrepreneurship
78%
Farm Mechanics
78%
Fish & Wildlife Management
78%
Indian Lore
78%
Nature
78%
Nuclear Science
78%
Pioneering
78%
Programming
78%
Reading
78%
Reptile and Amphibian Study
78%
Theater
78%
Whitewater
78%
Wilderness Survival
78%
Disabilities Awareness
74%
Metalwork
74%
Pets
74%
Robotics
74%
Safety
74%
Sustainability
74%
Textile
74%
Wood Carving
74%
Animation
70%
Energy
70%
Motorboating
70%
Public Speaking
70%
Skating
70%
Snow Sports
70%
Sports
70%
Water Sports
70%
Drafting
67%
Engineering
67%
Exploration
67%
Home Repairs
67%
Horsemanship
67%
Journalism
67%
Mining in Society
67%
Multisport
67%
Plant Science
67%
Radio
67%
Scholarship
67%
Scouting Heritage
67%
Archaeology
63%
Automotive Maintenance
63%
Digital Technology
63%
Inventing
63%
Soil and Water Conservation
63%
Surveying
63%
Truck Transportation
63%
Composite Materials
59%
Electronics
59%
Landscape Architecture
59%
Public Health
59%
Signs, Signals, and Codes
59%
Graphic Arts
48%
Veterinary Medicine
48%
Health Care Professions
44%
Model Design and Building
44%
No matching quizzes found
Score Distribution
Percent of People with Each Score
Percentile by Number Answered
Your Score History
You have not taken this quiz since the last reset